[Event "Dortmund Sparkassen op-B"]
[Site "Dortmund"]
[Date "2014.07.15"]
[Round "4"]
[White "Slanina, Aaron"]
[Black "Raskin, Vitaly"]
[Result "0-1"]
[WhiteElo "1563"]
[BlackElo "1597"]
[PlyCount "122"]
[EventDate "2014.07.12"]
[EventType "swiss"]
[EventRounds "9"]
[EventCountry "GER"]
[SourceTitle "EXT 2022"]
[Source "ChessBase"]
[SourceDate "2021.10.06"]
[SourceVersion "1"]
[SourceVersionDate "2021.10.06"]
[SourceQuality "1"]

1. e4 e5 2. Nf3 Nc6 3. d4 exd4 4. Bc4 Be7 5. Nxd4 Bf6 6. Be3 Nge7 7. 0-0 0-0 8. Nc3 d6 9. f4 a6 10. Nd5 Nxd5 11. Bxd5 Bxd4 12. Bxd4 Nxd4 13. Qxd4 c6 14. Bb3 c5 15. Qd3 b5 16. c4 Qb6 17. Rad1 Rd8 18. Rf2 Bb7 19. a3 Rac8 20. cxb5 axb5 21. Bd5 c4 22. Qd4 Qxd4 23. Rxd4 Ba6 24. Rc2 Kf8 25. Kf2 Ke7 26. Kf3 g6 27. f5 Kf6 28. fxg6 hxg6 29. Rcd2 Ke5 30. g4 f5 31. gxf5 gxf5 32. exf5 Kxf5 33. Re2 Rc5 34. Be6+ Kf6 35. Bg4 Re5 36. Kf4 Rde8 37. Rxe5 Rxe5 38. Rd2 d5 39. Bf3 Bb7 40. h4 Rf5+ 41. Kg4 Bc8 42. Kg3 Be6 43. Bg4 Rf1 44. Bf3 Ke5 45. Re2+ Kd6 46. h5 Rg1+ 47. Kf2 Rg8 48. Ke3 Kc5 49. Rd2 Re8 50. Kf4 Rf8+ 51. Ke3 Bf7 52. Bg4 Rh8 53. Bf3 Re8+ 54. Kf4 d4 55. Kg5 d3 56. h6 Bd5 57. Bh5 Re5+ 58. Kg6 Be4+ 59. Kf6 Rxh5 60. Kg7 Kd4 61. Rf2 Ke3 0-1

[Event "Dortmund Sparkassen op-B"]
[Site "Dortmund"]
[Date "2014.07.14"]
[Round "3"]
[White "Asadzade, Idris"]
[Black "Slanina, Aaron"]
[Result "0-1"]
[WhiteElo "1483"]
[BlackElo "1563"]
[PlyCount "92"]
[EventDate "2014.07.12"]
[EventType "swiss"]
[EventRounds "9"]
[EventCountry "GER"]
[SourceTitle "EXT 2022"]
[Source "ChessBase"]
[SourceDate "2021.10.06"]
[SourceVersion "1"]
[SourceVersionDate "2021.10.06"]
[SourceQuality "1"]

1. d4 Nf6 2. Bg5 e6 3. c4 Be7 4. Nc3 0-0 5. Nf3 b6 6. e4 Bb7 7. Bd3 d5 8. e5 Ne4 9. Bxe7 Qxe7 10. Bxe4 dxe4 11. Nd2 Qb4 12. Qb3 Qxb3 13. axb3 Nc6 14. Nb5 Rad8 15. Nxc7 Nxd4 16. Rxa7 Bc6 17. Nb5 Bxb5 18. cxb5 Rd5 19. Ra4 Rfd8 20. Rc4 Rxe5 21. 0-0 f5 22. Re1 Rxb5 23. Rc3 Kf7 24. f3 exf3 25. Nxf3 Nxf3+ 26. Rxf3 Kf6 27. Rfe3 e5 28. Rf3 Rd2 29. g4 g6 30. gxf5 gxf5 31. Rg3 Rxb2 32. Rc1 f4 33. Rc6+ Kf5 34. Rd3 R2xb3 35. Rxb3 Rxb3 36. Rc7 e4 37. Rxh7 Kg4 38. Rd7 Kf3 39. Rd1 e3 40. h4 e2 41. Re1 Rd3 42. Rxe2 Kxe2 43. h5 f3 44. h6 f2+ 45. Kh2 f1Q 46. h7 Rh3# 0-1

[Event "Dortmund Sparkassen op-B"]
[Site "Dortmund"]
[Date "2013.07.29"]
[Round "3"]
[White "Schmitz, Tim"]
[Black "Slanina, Aaron"]
[Result "1-0"]
[WhiteElo "1897"]
[BlackElo "1408"]
[PlyCount "103"]
[EventDate "2013.07.27"]
[EventType "swiss"]
[EventRounds "9"]
[EventCountry "GER"]
[SourceTitle "EXT 2022"]
[Source "ChessBase"]
[SourceDate "2021.10.06"]
[SourceVersion "1"]
[SourceVersionDate "2021.10.06"]
[SourceQuality "1"]

1. e4 e5 2. Nf3 Nc6 3. Bb5 Nf6 4. 0-0 d6 5. d4 Bd7 6. Nc3 Be7 7. Bxc6 Bxc6 8. Qd3 b6 9. dxe5 dxe5 10. Nxe5 Bb7 11. Bf4 0-0 12. Rfe1 Bd6 13. Qf3 Qe8 14. Nd3 Rd8 15. Bxd6 Rxd6 16. Qf4 Qc6 17. f3 Nd7 18. Rad1 Re8 19. Kh1 Rf6 20. Qd2 Nf8 21. Nd5 Rh6 22. N3f4 Qd6 23. h3 Rd8 24. Qe3 Qe5 25. Qd4 Qg5 26. Ne7+ Qxe7 27. Qxd8 Qe5 28. Nd5 Bxd5 29. Qxd5 Qg3 30. Qf5 Rg6 31. Rg1 Qf2 32. Rd8 Qxc2 33. Qc8 Qc5 34. Rgd1 h6 35. Rxf8+ Qxf8 36. Rd8 Qxd8 37. Qxd8+ Kh7 38. Qxc7 a5 39. Qxf7 Rf6 40. Qd5 Kg6 41. Kg1 h5 42. Kf2 Kh6 43. g4 hxg4 44. hxg4 g5 45. e5 Rf4 46. Qg8 a4 47. e6 a3 48. bxa3 b5 49. e7 b4 50. e8Q Rxf3+ 51. Kxf3 bxa3 52. Qh5# 1-0